Kasih ibu

Bibliographic Details
Main Author: Jamilah Alias
Format: Book
Published: Kuala Lumpur : Penerbit Orkid , 1996
Series:Siri antologi cerpen melati
Subjects:

MARC

LEADER 00000cam a2200000 7i4500
001 0000007003
002 000007540
005 20000330.0
020 |a 9838911623 
090 0 0 |a JF   |b JAM 
100 0 |a Jamilah Alias 
245 1 0 |a Kasih ibu   |c Jamilah Alias 
260 |a Kuala Lumpur :   |b Penerbit Orkid ,   |c 1996 
300 |a 60p. :   |b ill ;   |c 18cm. 
490 0 |a Siri antologi cerpen melati 
650 0 0 |a Children's stories 
999 |a 053150   |b BUKU   |c PINJAMAN   |e PERPUSTAKAAN KOMUNITI PETALING JAYA 
999 |a 054442   |b BUKU   |c PINJAMAN   |e PERPUSTAKAAN KOMUNITI CAW KOTA DAMANSARA 
999 |a 054443   |b BUKU   |c PINJAMAN   |e PERPUSTAKAAN KOMUNITI CAW KOTA DAMANSARA